La batalla de México : (Record no. 198212)
[ view plain ]
| 000 -LEADER | |
|---|---|
| campo de control de longitud fija | 01327nam a2200349 i 4500 |
| 001 - NÚMERO DE CONTROL | |
| campo de control | 198212 |
| 003 - IDENTIFICADOR DE NÚMERO DE CONTROL | |
| campo de control | ES-MaACL |
| 005 - FECHA Y HORA DE LA ÚLTIMA TRANSACCIÓN | |
| campo de control | 20260409183713.0 |
| 007 - CAMPO FIJO DE DESCRIPCIÓN FÍSICA--INFORMACIÓN GENERAL | |
| campo de control de longitud fija | ta |
| 008 - DATOS DE LONGITUD FIJA--INFORMACIÓN GENERAL | |
| campo de control de longitud fija | 260409s2009 sp a|||| |||| 001 0 spa d |
| 017 ## - NÚMERO DE COPYRIGHT O DE DEPÓSITO LEGAL | |
| Número de copyright o de depósito legal | M 16297-2009 |
| Agencia que asigna | Oficina Depósito Legal Madrid |
| 020 ## - NÚMERO INTERNACIONAL ESTÁNDAR DEL LIBRO | |
| Número Internacional Estándar del Libro | 978-84-206-8267-9 |
| 040 ## - FUENTE DE CATALOGACIÓN | |
| Centro catalogador/agencia de origen | ES-MaACL |
| Lengua de catalogación | spa |
| Centro/agencia transcriptor | ES-MaACL |
| Normas de descripción | rda |
| 080 ## - NÚMERO DE LA CLASIFICACIÓN DECIMAL UNIVERSAL | |
| Número de la Clasificación Decimal Universal | 929-054.7(=1.460:72)"19":32 |
| 080 ## - NÚMERO DE LA CLASIFICACIÓN DECIMAL UNIVERSAL | |
| Número de la Clasificación Decimal Universal | 327(460:72)"1939/45" |
| 100 1# - ENTRADA PRINCIPAL--NOMBRE DE PERSONA | |
| Nombre de persona | Mateos López, Abdón |
| Relación | aut |
| 9 (RLIN) | 78987 |
| Término indicativo de función/relación | Autor |
| 245 13 - MENCIÓN DEL TÍTULO | |
| Título | La batalla de México : |
| Resto del título | final de la Guerra Civil y ayuda a los refugiados 1939-1945 / |
| Mención de responsabilidad, etc. | Abdón Mateos |
| 264 #1 - PRODUCCIÓN, PUBLICACIÓN, DISTRIBUCIÓN, FABRICACIÓN Y COPYRIGHT | |
| Producción, publicación, distribución, fabricación y copyright | Madrid : |
| Nombre del de productor, editor, distribuidor, fabricante | Alianza Editorial, |
| Fecha de producción, publicación, distribución, fabricación o copyright | 2009 |
| 264 #4 - PRODUCCIÓN, PUBLICACIÓN, DISTRIBUCIÓN, FABRICACIÓN Y COPYRIGHT | |
| Fecha de producción, publicación, distribución, fabricación o copyright | ©2009 |
| 300 ## - DESCRIPCIÓN FÍSICA | |
| Extensión | 320 páginas : |
| Otras características físicas | ilustraciones (blanco y negro) ; |
| Dimensiones | 23 cm |
| 336 ## - TIPO DE CONTENIDO | |
| Fuente | rdacontent |
| Término de tipo de contenido | Texto |
| 337 ## - TIPO DE MEDIO | |
| Fuente | rdamedia |
| Nombre/término del tipo de medio | sin mediación |
| 338 ## - TIPO DE SOPORTE | |
| Fuente | rdacarrier |
| Nombre/término del tipo de soporte | volumen |
| 500 ## - NOTA GENERAL | |
| Nota general | Registro provisional |
| 504 ## - NOTA DE BIBLIOGRAFÍA, ETC. | |
| Nota de bibliografía, etc. | Bibliografía: páginas 299 (página sin numerar)-314. Índices |
| 650 #7 - PUNTO DE ACCESO ADICIONAL DE MATERIA--TÉRMINO DE MATERIA | |
| Término de materia o nombre geográfico como elemento de entrada | Exiliados españoles- |
| Subdivisión geográfica | México- |
| Subdivisión general | Actividad política |
| 9 (RLIN) | 145676 |
| 651 #0 - PUNTO DE ACCESO ADICIONAL DE MATERIA--NOMBRE GEOGRÁFICO | |
| Nombre geográfico | España- |
| Subdivisión general | Relaciones- |
| Subdivisión geográfica | México- |
| Subdivisión cronológica | 1939-1975 |
| 9 (RLIN) | 237680 |
| 852 ## - LOCALIZACIÓN | |
| Ubicación | ES-MaACL |
| Ubicación en estantería | Despachos-biblioteca |
| Número de control de estantería | DB-107 |
| Donativo/Legado | Donación: Manuel Guedán |
| Encuadernación | Encuadernación rústica con solapas |
| itemnumber | 207196 |
| 942 ## - ELEMENTOS DE ENTRADA SECUNDARIOS (KOHA) | |
| Tipo de ítem Koha | Libro impreso |
| Suprimir en OPAC | No |
| Estatus retirado | Estado de pérdida | Fuente del sistema de clasificación o colocación | Estado de daño | No para préstamo | Biblioteca de origen | Biblioteca actual | Ubicación en estantería | Fecha de adquisición | Fuente de adquisición | Total de préstamos | Signatura topográfica completa | Código de barras | Visto por última vez | Precio de reemplazo | Tipo de ítem Koha |
|---|---|---|---|---|---|---|---|---|---|---|---|---|---|---|---|
| Clasificación decimal universal | Biblioteca del Ateneo de Madrid | Biblioteca del Ateneo de Madrid | Despachos-biblioteca | 20/03/2026 | Donación | DB-107 | 2026-0189 | 09/04/2026 | 09/04/2026 | Libro impreso |
